[Event "Montigny le Bretonneux-A 4th"]
[Site "Montigny le Bretonneux"]
[Date "2005.10.29"]
[Round "8"]
[White "Verat, Laurent"]
[Black "Plantet, Marc"]
[Result "1-0"]
[WhiteElo "2343"]
[BlackElo "2057"]
[PlyCount "49"]
[EventDate "2005.10.22"]
[EventType "tourn"]
[EventRounds "9"]
[EventCountry "FRA"]
[SourceTitle "EXT 2008"]
[Source "ChessBase"]
[SourceDate "2007.11.25"]
[SourceVersion "1"]
[SourceVersionDate "2007.11.25"]
[SourceQuality "1"]

1. d4 Nf6 2. c4 e6 3. g3 d5 4. Bg2 Be7 5. Nf3 dxc4 6. 0-0 0-0 7. Qc2 a6 8. Qxc4 b5 9. Qc2 Bb7 10. Bd2 Nbd7 11. Ba5 Ra7 12. Nbd2 Qa8 13. b4 Bd6 14. Rfe1 Ne4 15. Nb3 Nb6 16. Nc5 Bd5 17. Nh4 Bxc5 18. bxc5 Nc4 19. Bc3 Nxf2 20. e4 Nxe4 21. Bxe4 Bxe4 22. Qxe4 c6 23. a4 a5 24. Nf3 b4 25. Qd3 1-0

[Event "Montigny le Bretonneux-A 4th"]
[Site "Montigny le Bretonneux"]
[Date "2005.10.28"]
[Round "7"]
[White "Forissier, Nicolas"]
[Black "Verat, Laurent"]
[Result "0-1"]
[WhiteElo "1997"]
[BlackElo "2343"]
[PlyCount "70"]
[EventDate "2005.10.22"]
[EventType "tourn"]
[EventRounds "9"]
[EventCountry "FRA"]
[SourceTitle "EXT 2008"]
[Source "ChessBase"]
[SourceDate "2007.11.25"]
[SourceVersion "1"]
[SourceVersionDate "2007.11.25"]
[SourceQuality "1"]

1. d4 d5 2. c4 e6 3. Nc3 Nf6 4. Nf3 Bb4 5. e3 0-0 6. Bd3 c5 7. 0-0 cxd4 8. Nxd4 e5 9. Nc2 Bxc3 10. bxc3 dxc4 11. Bxc4 Qc7 12. Bb3 Rd8 13. Qe1 a5 14. Na3 Na6 15. Nb5 Qc6 16. a4 Nc5 17. Bc2 Be6 18. f4 exf4 19. Rxf4 Nd3 20. Bxd3 Rxd3 21. Rxf6 gxf6 22. Qg3+ Kh8 23. Ba3 Rg8 24. Qf2 Bh3 25. g3 Rg6 26. Re1 Qe4 27. Nd6 Qxa4 28. Nxf7+ Kg7 29. Ne5 Rd1 30. Nxg6 hxg6 31. Bb2 Rxe1+ 32. Qxe1 Qe4 33. Qd2 Qb1+ 34. Bc1 a4 35. Kf2 Qf5+ 0-1

[Event "FRA-chT Top 16 GP Haute"]
[Site "Port Barcares"]
[Date "2005.05.06"]
[Round "10"]
[White "Midoux, Sebastien"]
[Black "Verat, Laurent"]
[Result "0-1"]
[WhiteElo "2277"]
[BlackElo "2340"]
[PlyCount "86"]
[EventDate "2005.05.04"]
[EventType "team-tourn"]
[EventRounds "4"]
[EventCountry "FRA"]
[SourceTitle "CBM 107"]
[Source "ChessBase"]
[SourceDate "2005.08.01"]
[SourceVersion "1"]
[SourceVersionDate "2005.08.01"]
[SourceQuality "1"]
[WhiteTeam "Gonfreville"]
[BlackTeam "Clichy"]
[WhiteTeamCountry "FRA"]
[BlackTeamCountry "FRA"]

1. e4 e5 2. Nf3 Nc6 3. Bb5 a6 4. Ba4 d6 5. c3 f5 6. exf5 Bxf5 7. 0-0 Bd3 8. Re1 Be7 9. Bc2 Bxc2 10. Qxc2 g5 11. d4 g4 12. d5 gxf3 13. dxc6 bxc6 14. Qe4 Qd7 15. Qxf3 Nf6 16. Nd2 0-0 17. Ne4 Nxe4 18. Qxe4 Bf6 19. Bh6 Rf7 20. Rad1 d5 21. Qb4 Qf5 22. Rd2 Rd8 23. Rde2 Qh5 24. Be3 d4 25. cxd4 exd4 26. Bf4 d3 27. Re8+ Rxe8 28. Rxe8+ Kg7 29. Qb3 Qd5 30. Qd1 h5 31. Re3 Rd7 32. Rg3+ Kf7 33. Bg5 Bxg5 34. Qxh5+ Kf6 35. h4 d2 36. hxg5+ Kg7 37. Qh6+ Kg8 38. Qg6+ Kf8 39. Qh6+ Kg8 40. Qg6+ Kf8 41. Qh6+ Rg7 42. Qh8+ Rg8 43. Qh6+ Ke7 0-1

[Event "Breizh Masters 3rd"]
[Site "Guingamp"]
[Date "2005.02.21"]
[Round "4"]
[White "Mullon, Jean Baptiste"]
[Black "Verat, Laurent"]
[Result "1/2-1/2"]
[WhiteElo "2327"]
[BlackElo "2357"]
[PlyCount "26"]
[EventDate "2005.02.18"]
[EventType "tourn"]
[EventRounds "9"]
[EventCountry "FRA"]
[EventCategory "4"]
[SourceTitle "EXT 2006"]
[Source "ChessBase"]
[SourceDate "2005.11.24"]
[SourceVersion "1"]
[SourceVersionDate "2005.11.24"]
[SourceQuality "1"]

1. e4 e5 2. Nf3 Nc6 3. Bb5 Nf6 4. 0-0 Nxe4 5. d4 Nd6 6. Bxc6 dxc6 7. dxe5 Nf5 8. Qxd8+ Kxd8 9. b3 h6 10. Bb2 Be6 11. c4 a5 12. Nc3 Kc8 13. Ne2 g5 1/2-1/2

[Event "Montigny le Bretonneux Noel op 07th"]
[Site "Montigny le Bretonneux"]
[Date "2004.12.30"]
[Round "6"]
[White "Verat, Laurent"]
[Black "Legky, Nikolay A"]
[Result "1/2-1/2"]
[WhiteElo "2346"]
[BlackElo "2454"]
[PlyCount "85"]
[EventDate "2004.12.??"]
[EventType "swiss"]
[EventRounds "7"]
[EventCountry "FRA"]
[SourceTitle "EXT 2006"]
[Source "ChessBase"]
[SourceDate "2005.11.24"]
[SourceVersion "1"]
[SourceVersionDate "2005.11.24"]
[SourceQuality "1"]

1. d4 f5 2. Bg5 g6 3. h4 Bg7 4. h5 h6 5. Bf4 g5 6. Be5 Bxe5 7. dxe5 Nc6 8. Nf3 e6 9. Nc3 g4 10. Nh4 Nxe5 11. Qd4 d6 12. 0-0-0 Ne7 13. e4 N7c6 14. Bb5 0-0 15. Bxc6 Nxc6 16. Qd2 Qg5 17. Qxg5+ hxg5 18. Ng6 Rf7 19. exf5 e5 20. Ne4 Bxf5 21. Nxg5 Rf6 22. Nh4 Nd4 23. c3 Ne2+ 24. Kd2 Nf4 25. g3 Ne6 26. f4 gxf3 27. Nhxf3 Bg4 28. Nxe6 Rxf3 29. Nxc7 Raf8 30. Rde1 Rxg3 31. Reg1 Rf2+ 32. Kc1 Rgg2 33. Rxg2 Rxg2 34. Ne8 Bf5 35. Nxd6 Rc2+ 36. Kd1 Rxb2 37. Rh4 Bd3 38. Rb4 Rxa2 39. Rxb7 Be2+ 40. Kc1 Bxh5 41. Rb5 Bg6 42. c4 Ra6 43. Nc8 1/2-1/2

[Event "Paris ChessXV"]
[Site "Paris"]
[Date "2004.12.15"]
[Round "6"]
[White "Draoui, Najib"]
[Black "Verat, Laurent"]
[Result "1-0"]
[WhiteElo "2377"]
[BlackElo "2346"]
[PlyCount "137"]
[EventDate "2004.12.??"]
[EventType "tourn"]
[EventRounds "9"]
[EventCountry "FRA"]
[EventCategory "4"]
[SourceTitle "EXT 2006"]
[Source "ChessBase"]
[SourceDate "2005.11.24"]
[SourceVersion "1"]
[SourceVersionDate "2005.11.24"]
[SourceQuality "1"]

1. e4 c5 2. Nf3 d6 3. d4 cxd4 4. Nxd4 Nf6 5. Nc3 Nc6 6. Be2 e5 7. Nb3 Be7 8. 0-0 0-0 9. Bg5 Nxe4 10. Nxe4 Bxg5 11. Nxg5 Qxg5 12. Qxd6 Rd8 13. Qc5 Be6 14. Rad1 Rac8 15. Rxd8+ Nxd8 16. Qb5 h6 17. Rd1 Kh7 18. c3 a6 19. Qb6 Bh3 20. Bf1 Bg4 21. Rd3 Bf5 22. Rd5 Be6 23. Rd6 Qe7 24. Rd2 Bf5 25. Qe3 Bg6 26. Rd5 Nc6 27. Qc5 Rc7 28. Qb6 Be4 29. Rd1 Nd8 30. Qe3 Bg6 31. h3 f6 32. Bd3 e4 33. Be2 Nc6 34. h4 f5 35. h5 Bf7 36. g3 Bxb3 37. axb3 Rd7 38. Rxd7 Qxd7 39. Qc5 Qf7 40. Qd6 Qf6 41. Qxf6 gxf6 42. Bc4 Kg7 43. Be6 Ne7 44. Kf1 f4 45. gxf4 f5 46. b4 Kf6 47. Bb3 Nc6 48. Bd5 Ke7 49. Ke2 Kd6 50. Bxc6 bxc6 51. b3 c5 52. bxc5+ Kxc5 53. Ke3 Kd5 54. Kd2 Kc5 55. Kc2 Kd5 56. Kb2 Kc5 57. Ka2 Kb5 58. Ka3 a5 59. c4+ Kc5 60. Ka4 Kb6 61. b4 axb4 62. Kxb4 Kc6 63. c5 Kc7 64. Kc4 Kc6 65. Kd4 Kc7 66. Ke5 Kc6 67. Kxf5 Kxc5 68. Kg6 Kd4 69. f5 1-0

[Event "Paris ChessXV"]
[Site "Paris"]
[Date "2004.12.14"]
[Round "5"]
[White "Verat, Laurent"]
[Black "Picard, Romain"]
[Result "1/2-1/2"]
[WhiteElo "2346"]
[BlackElo "2290"]
[PlyCount "26"]
[EventDate "2004.12.??"]
[EventType "tourn"]
[EventRounds "9"]
[EventCountry "FRA"]
[EventCategory "4"]
[SourceTitle "EXT 2006"]
[Source "ChessBase"]
[SourceDate "2005.11.24"]
[SourceVersion "1"]
[SourceVersionDate "2005.11.24"]
[SourceQuality "1"]

1. d4 Nf6 2. c4 g6 3. Nc3 d5 4. Nf3 Bg7 5. Bf4 0-0 6. Rc1 dxc4 7. e4 Bg4 8. Bxc4 Bxf3 9. gxf3 Nh5 10. Be3 e5 11. dxe5 Bxe5 12. Qxd8 Rxd8 13. Nd5 c6 1/2-1/2

[Event "FRA-chT2 0405"]
[Site "France"]
[Date "2004.11.07"]
[Round "3.1"]
[White "Verat, Laurent"]
[Black "Saiboulatov, Danial"]
[Result "1-0"]
[WhiteElo "2346"]
[BlackElo "2359"]
[PlyCount "138"]
[EventDate "2004.10.10"]
[EventType "team"]
[EventRounds "11"]
[EventCountry "FRA"]
[SourceTitle "EXT 2006"]
[Source "ChessBase"]
[SourceDate "2005.11.24"]
[SourceVersion "1"]
[SourceVersionDate "2005.11.24"]
[SourceQuality "1"]
[WhiteTeam "Clichy  II"]
[BlackTeam "Arras"]
[WhiteTeamCountry "FRA"]
[BlackTeamCountry "FRA"]

1. d4 Nf6 2. c4 e6 3. g3 d5 4. Nf3 dxc4 5. Bg2 a6 6. Ne5 c5 7. Be3 Nbd7 8. Nxd7 Bxd7 9. dxc5 Bxc5 10. Bxc5 Qa5+ 11. Qd2 Qxc5 12. Bxb7 Rd8 13. 0-0 Bc8 14. Qe3 Qxe3 15. Bc6+ Ke7 16. fxe3 Ng4 17. Na3 Nxe3 18. Rfc1 Rd2 19. Bf3 Rxb2 20. Kf2 Nf5 21. Nxc4 Rb5 22. a4 Rb8 23. Ne5 Kf6 24. Nc6 Rb2 25. Rab1 Rxb1 26. Rxb1 Bd7 27. a5 Bxc6 28. Bxc6 Rc8 29. Rb6 Nd4 30. Bb7 Rc5 31. Rb4 Rf5+ 32. Kg2 Nc2 33. Rf4 Rxf4 34. gxf4 Ne3+ 35. Kf3 Nc4 36. Bxa6 Nxa5 37. Bb5 Nb7 38. e3 Nd6 39. Bd3 h6 40. h3 Ke7 41. e4 Nb7 42. e5 Nc5 43. Bb5 Nd7 44. Kg4 Nb6 45. h4 Nd5 46. Bc6 Ne3+ 47. Kf3 Nf5 48. Kg4 Nd4 49. Be4 Kd8 50. Bd3 Ke8 51. Bb1 Kf8 52. Bd3 f6 53. exf6 gxf6 54. Bc4 Kg7 55. Bd3 Kf7 56. Bc4 Kg6 57. Bd3+ f5+ 58. Kg3 Kf6 59. Ba6 e5 60. fxe5+ Kxe5 61. Bb7 Ne6 62. Kf3 h5 63. Kg3 f4+ 64. Kf3 Nd4+ 65. Kf2 Nf5 66. Bf3 Ng3 67. Ke1 Kd4 68. Kd2 Ne4+ 69. Ke2 Nf6 1-0

[Event "Villeurbanne 3rd"]
[Site "Villeurbanne"]
[Date "2004.09.19"]
[Round "3"]
[White "Marholev, Dimitar"]
[Black "Verat, Laurent"]
[Result "1-0"]
[WhiteElo "2350"]
[BlackElo "2306"]
[PlyCount "196"]
[EventDate "2004.09.??"]
[EventType "tourn"]
[EventRounds "9"]
[EventCountry "FRA"]
[EventCategory "4"]
[SourceTitle "CBM 102 Extra"]
[Source "ChessBase"]
[SourceDate "2004.11.03"]
[SourceVersion "1"]
[SourceVersionDate "2004.11.03"]
[SourceQuality "1"]

1. e4 e5 2. Nf3 Nc6 3. Bb5 a6 4. Ba4 d6 5. Bxc6+ bxc6 6. d4 Nf6 7. Nc3 Nd7 8. dxe5 dxe5 9. 0-0 Bd6 10. Nd2 Qe7 11. Nc4 Nb6 12. Na5 Bd7 13. a3 0-0 14. Be3 Qe6 15. Qe2 f5 16. exf5 Qxf5 17. Bxb6 cxb6 18. Ne4 Be7 19. Nc4 Rab8 20. Ng3 Qe6 21. Nxe5 Bc8 22. Nd3 Qxe2 23. Nxe2 Bf6 24. Ng3 a5 25. Ne4 Ba6 26. Nxf6+ Rxf6 27. Rfd1 Rd6 28. Ne5 Rbd8 29. Rxd6 Rxd6 30. Rc1 c5 31. Ng4 Kf7 32. Ne3 Kf6 33. Rd1 Rxd1+ 34. Nxd1 Ke5 35. f3 Kd4 36. Kf2 g6 37. Ke1 Bc8 38. Kd2 Bd7 39. Ne3 b5 40. h4 Bc6 41. c3+ Ke5 42. Ke2 Kf4 43. Kf2 Bd7 44. g3+ Ke5 45. Nf1 b4 46. Ne3 bxc3 47. bxc3 Be6 48. Ke2 c4 49. Nc2 Bd5 50. Ke3 Be6 51. Nd4 Bd7 52. g4 Bc8 53. f4+ Kd5 54. f5 gxf5 55. g5 Ke5 56. Nf3+ Kd5 57. Kf4 Kc5 58. Nd4 Bd7 59. Ke5 Be8 60. Kxf5 Kd5 61. Kf4 Bg6 62. Ke3 Bh5 63. Nf5 Ke5 64. Ng3 Be8 65. h5 Bf7 66. a4 Be8 67. g6 Kf6 68. Ne4+ Kg7 69. Nc5 hxg6 70. hxg6 Kxg6 71. Kd4 Bf7 72. Nd7 Kf5 73. Nb6 Kf6 74. Nxc4 Be8 75. Nb2 Bd7 76. Kc5 Ke5 77. Kb6 Kd5 78. Kxa5 Kc5 79. Nd3+ Kd5 80. Kb4 Bf5 81. c4+ Kc6 82. Nc5 Bg4 83. a5 Be2 84. Ne6 Bf1 85. Nd4+ Kb7 86. Kb5 Bd3 87. Ne6 Be2 88. Nc5+ Ka7 89. Ne4 Bd3 90. Nc3 Bf1 91. Nd5 Be2 92. Nb4 Bf1 93. Kc5 Be2 94. Kd5 Bf3+ 95. Kd6 Kb7 96. c5 Be4 97. c6+ Bxc6 98. Nxc6 Ka8 1-0

[Event "Grenoble Masters 3rd"]
[Site "Grenoble"]
[Date "2004.06.24"]
[Round "8"]
[White "Verat, Laurent"]
[Black "Foisor, Cristina Adela B"]
[Result "1-0"]
[WhiteElo "2319"]
[BlackElo "2422"]
[PlyCount "109"]
[EventDate "2004.06.19"]
[EventType "tourn"]
[EventRounds "9"]
[EventCountry "FRA"]
[EventCategory "3"]
[SourceTitle "CBM 100 Extra"]
[Source "ChessBase"]
[SourceDate "2004.07.06"]
[SourceVersion "2"]
[SourceVersionDate "2004.07.06"]
[SourceQuality "1"]

1. d4 d5 2. c4 c6 3. cxd5 cxd5 4. Nf3 Nf6 5. Nc3 a6 6. Bf4 e6 7. e3 Be7 8. Bd3 b5 9. Rc1 0-0 10. Ne5 Bb7 11. 0-0 Nbd7 12. Qe2 Nxe5 13. Bxe5 Bd6 14. f4 Ne4 15. Bxe4 dxe4 16. Bxd6 Qxd6 17. f5 exf5 18. Rxf5 Rac8 19. Rcf1 Qg6 20. Qf2 f6 21. a3 Rfe8 22. Qf4 a5 23. Qd6 b4 24. axb4 axb4 25. Qxb4 Ba6 26. R1f4 Bd3 27. Ra5 Qf7 28. d5 Rb8 29. Qa3 Qb7 30. Rf2 Qb6 31. Qc5 Qxc5 32. Rxc5 Ra8 33. Rd2 Reb8 34. d6 Rd8 35. Rc6 h5 36. h4 Kf7 37. Nd5 Ra1+ 38. Kh2 g5 39. Rf2 Rf1 40. Rxf1 Bxf1 41. d7 Rxd7 42. Rxf6+ Kg7 43. Rxf1 Rxd5 44. b4 Rd3 45. Rb1 Rxe3 46. b5 Rd3 47. b6 Rd8 48. b7 Rb8 49. hxg5 h4 50. Rb6 Kf7 51. Kg1 e3 52. Kf1 Ke7 53. Ke2 Kd7 54. g6 Kd8 55. g7 1-0

[Event "Grenoble Masters 3rd"]
[Site "Grenoble"]
[Date "2004.06.23"]
[Round "7"]
[White "Aguettaz, Maxime"]
[Black "Verat, Laurent"]
[Result "1/2-1/2"]
[WhiteElo "2349"]
[BlackElo "2319"]
[PlyCount "23"]
[EventDate "2004.06.19"]
[EventType "tourn"]
[EventRounds "9"]
[EventCountry "FRA"]
[EventCategory "3"]
[SourceTitle "CBM 100 Extra"]
[Source "ChessBase"]
[SourceDate "2004.07.06"]
[SourceVersion "2"]
[SourceVersionDate "2004.07.06"]
[SourceQuality "1"]

1. e4 e5 2. Nf3 Nc6 3. Bc4 Nf6 4. d4 exd4 5. 0-0 Nxe4 6. Re1 d5 7. Bxd5 Qxd5 8. Nc3 Qa5 9. Nxe4 Be6 10. Bd2 Qh5 11. Bf4 Bd6 12. Nxd6+ 1/2-1/2

[Event "Grenoble Masters 3rd"]
[Site "Grenoble"]
[Date "2004.06.22"]
[Round "5"]
[White "Verat, Laurent"]
[Black "Olivier, Jean Christophe"]
[Result "1/2-1/2"]
[WhiteElo "2319"]
[BlackElo "2360"]
[PlyCount "89"]
[EventDate "2004.06.19"]
[EventType "tourn"]
[EventRounds "9"]
[EventCountry "FRA"]
[EventCategory "3"]
[SourceTitle "CBM 100 Extra"]
[Source "ChessBase"]
[SourceDate "2004.07.06"]
[SourceVersion "2"]
[SourceVersionDate "2004.07.06"]
[SourceQuality "1"]

1. d4 Nf6 2. c4 e6 3. g3 c5 4. d5 exd5 5. cxd5 d6 6. Bg2 g6 7. Nc3 Bg7 8. Nf3 0-0 9. 0-0 Na6 10. Nd2 Nc7 11. Nc4 Nh5 12. Bd2 b6 13. Ne4 Ne8 14. Rb1 Bf5 15. Re1 Qe7 16. Qc2 Nc7 17. Ne3 Bxe4 18. Qxe4 Qxe4 19. Bxe4 b5 20. Ba5 Rac8 21. Bg2 f5 22. Bf3 Nf6 23. Ng2 g5 24. Ne3 g4 25. Bg2 Nd7 26. a4 bxa4 27. Nc4 Nb5 28. e4 f4 29. gxf4 Rxf4 30. Bd2 Rf7 31. Ne3 Ne5 32. Nf5 Nd3 33. Re3 c4 34. Bf1 Ne5 35. Bb4 Nf3+ 36. Kg2 Rxf5 37. exf5 Nh4+ 38. Kh1 Nxf5 39. Re4 Nfd4 40. Ra1 a3 41. Bxa3 Nc2 42. Rxc4 Rxc4 43. Bxc4 Nbxa3 44. Rxa3 Nxa3 45. bxa3 1/2-1/2

[Event "Clichy Trophee Elyo"]
[Site "Clichy"]
[Date "2004.??.??"]
[Round "9"]
[White "Collas, Didier"]
[Black "Verat, Laurent"]
[Result "1/2-1/2"]
[WhiteElo "2422"]
[BlackElo "2346"]
[PlyCount "23"]
[EventDate "2004.10.01"]
[EventType "tourn"]
[EventRounds "9"]
[EventCountry "FRA"]
[EventCategory "4"]
[SourceTitle "CBM 102 Extra"]
[Source "ChessBase"]
[SourceDate "2004.11.03"]
[SourceVersion "1"]
[SourceVersionDate "2004.11.03"]
[SourceQuality "1"]

1. e4 c6 2. d4 d5 3. Nd2 dxe4 4. Nxe4 Nd7 5. Nf3 Ngf6 6. Nxf6+ Nxf6 7. c3 Qc7 8. Ne5 Be6 9. a4 g6 10. a5 a6 11. Be2 Bg7 12. Bf4 1/2-1/2

[Event "Clichy Trophee Elyo"]
[Site "Clichy"]
[Date "2004.??.??"]
[Round "5"]
[White "Gervasio, Ricardo"]
[Black "Verat, Laurent"]
[Result "1/2-1/2"]
[WhiteElo "2280"]
[BlackElo "2346"]
[PlyCount "124"]
[EventDate "2004.10.01"]
[EventType "tourn"]
[EventRounds "9"]
[EventCountry "FRA"]
[EventCategory "4"]
[SourceTitle "CBM 102 Extra"]
[Source "ChessBase"]
[SourceDate "2004.11.03"]
[SourceVersion "1"]
[SourceVersionDate "2004.11.03"]
[SourceQuality "1"]

1. e4 e5 2. Nf3 Nc6 3. Bc4 Nf6 4. d3 h6 5. c3 d6 6. Nbd2 Be7 7. Nf1 0-0 8. Bb3 Nh7 9. Ne3 Ng5 10. Nh4 Nxe4 11. Ng6 Nc5 12. Nxf8 Nxb3 13. axb3 Bxf8 14. 0-0 Be6 15. f4 exf4 16. Rxf4 Qg5 17. Rf2 Qb5 18. b4 Ne7 19. d4 d5 20. Ra5 Qd7 21. Bd2 c6 22. Qf3 Nc8 23. Nf5 Bxf5 24. Qxf5 Qxf5 25. Rxf5 Nd6 26. Rf2 a6 27. Ra1 Ne4 28. Re2 Nxd2 29. Rxd2 Re8 30. Kf2 Bd6 31. g3 h5 32. Re1 Rxe1 33. Kxe1 f5 34. Kf2 Kf7 35. Re2 g6 36. Kf3 Bc7 37. h3 Bd6 38. Re1 Bc7 39. Rh1 g5 40. g4 fxg4+ 41. hxg4 h4 42. b3 Bd6 43. Ke3 Bf4+ 44. Kd3 Ke6 45. Rh3 Bd6 46. Rf3 Bf4 47. Kc2 Kd7 48. Kb2 Ke6 49. Ka3 Kd7 50. Ka4 Ke6 51. Ka3 Kd7 52. Kb2 Ke6 53. Kc2 Kd7 54. Kd3 Ke6 55. Ke2 Kd7 56. Kf2 Ke6 57. Kg2 Ke7 58. Rf2 Kd7 59. Re2 Bd6 60. Kh3 Bf4 61. Rf2 Ke6 62. Re2+ Kd7 1/2-1/2

[Event "Clichy Trophee Elyo"]
[Site "Clichy"]
[Date "2004.??.??"]
[Round "7"]
[White "Sanchez, Louis"]
[Black "Verat, Laurent"]
[Result "1/2-1/2"]
[WhiteElo "2233"]
[BlackElo "2346"]
[PlyCount "29"]
[EventDate "2004.10.01"]
[EventType "tourn"]
[EventRounds "9"]
[EventCountry "FRA"]
[EventCategory "4"]
[SourceTitle "CBM 102 Extra"]
[Source "ChessBase"]
[SourceDate "2004.11.03"]
[SourceVersion "1"]
[SourceVersionDate "2004.11.03"]
[SourceQuality "1"]

1. e4 c5 2. Nc3 Nc6 3. Nf3 d6 4. d4 cxd4 5. Nxd4 Nf6 6. f3 e5 7. Nb3 Be7 8. Be3 0-0 9. Qd2 Be6 10. 0-0-0 a5 11. Bb5 Na7 12. Bf1 Nc6 13. Bb5 Na7 14. Bf1 Nc6 15. Bb5 1/2-1/2

[Event "Clichy Trophee Elyo"]
[Site "Clichy"]
[Date "2004.??.??"]
[Round "4"]
[White "Verat, Laurent"]
[Black "Alexieva, Silvia"]
[Result "1-0"]
[WhiteElo "2346"]
[BlackElo "2344"]
[PlyCount "53"]
[EventDate "2004.10.01"]
[EventType "tourn"]
[EventRounds "9"]
[EventCountry "FRA"]
[EventCategory "4"]
[SourceTitle "CBM 102 Extra"]
[Source "ChessBase"]
[SourceDate "2004.11.03"]
[SourceVersion "1"]
[SourceVersionDate "2004.11.03"]
[SourceQuality "1"]

1. d4 Nf6 2. c4 c5 3. d5 b5 4. cxb5 a6 5. Nc3 axb5 6. e4 b4 7. Nb5 d6 8. Nf3 Bg4 9. e5 dxe5 10. h3 Bxf3 11. Qxf3 Na6 12. Bc4 g6 13. d6 Bg7 14. Qc6+ Kf8 15. dxe7+ Kxe7 16. Bg5 Qd7 17. Qxd7+ Kxd7 18. 0-0-0+ Ke7 19. Rhe1 Rhd8 20. Rxe5+ Kf8 21. Rd6 Rxd6 22. Nxd6 h6 23. Bh4 Ra7 24. Nc8 Ra8 25. Re7 Rxc8 26. Rxf7+ Ke8 27. Rxg7 1-0

[Event "Clichy Trophee Elyo"]
[Site "Clichy"]
[Date "2004.??.??"]
[Round "8"]
[White "Verat, Laurent"]
[Black "Georgiev, Krum"]
[Result "1/2-1/2"]
[WhiteElo "2346"]
[BlackElo "2449"]
[PlyCount "30"]
[EventDate "2004.10.01"]
[EventType "tourn"]
[EventRounds "9"]
[EventCountry "FRA"]
[EventCategory "4"]
[SourceTitle "CBM 102 Extra"]
[Source "ChessBase"]
[SourceDate "2004.11.03"]
[SourceVersion "1"]
[SourceVersionDate "2004.11.03"]
[SourceQuality "1"]

1. d4 g6 2. Nf3 Bg7 3. c4 d6 4. Nc3 c6 5. g3 Nf6 6. Bg2 0-0 7. 0-0 a6 8. a4 a5 9. h3 Na6 10. e4 Nd7 11. Be3 e5 12. Qd2 Re8 13. Rad1 Qc7 14. Kh2 exd4 15. Nxd4 Nac5 1/2-1/2